|
|
|
|
| LEADER |
00815nab a2200229 i 4500 |
| 001 |
misc63847 |
| 005 |
20230703122339.0 |
| 008 |
230524s1895 hu o 0|| hun d |
| 040 |
|
|
|a SZTE Miscellanea Repozitórium
|b hun
|
| 041 |
|
|
|a hun
|
| 100 |
1 |
|
|a Munkácsi Bernát
|
| 245 |
1 |
2 |
|a A régi magyar "turul" madárnév
|h [elektronikus dokumentum] /
|c Munkácsi Bernát
|
| 260 |
|
|
|a Magyar Néprajzi Társaság
|b Budapest
|c 1895
|
| 300 |
|
|
|a 452
|c 23 cm
|
| 300 |
|
|
|a [1] p.
|c 23 cm
|
| 490 |
0 |
|
|a Ethnographia : a Magyar Néprajzi Társaság folyóirata
|
| 561 |
|
|
|a Németh Gyula hagyaték
|
| 591 |
|
|
|a NOA 3938
|
| 650 |
|
4 |
|a Bölcsészettudományok
|
| 650 |
|
4 |
|a Nyelvek és irodalom
|
| 695 |
|
|
|a Magyar nyelv - etimológia
|
| 856 |
4 |
0 |
|u http://misc.bibl.u-szeged.hu/63847/1/3938_noa_02.pdf
|z Dokumentum-elérés
|